000 00293nam a22001337a 4500
008 171023b xxu||||| |||| 00| 0 eng d
020 _a0132600765
041 _aeng
080 _25TH
_a311
100 _a55
101 _aSTA
245 _aELEMENTARY STATISTICS
_cSPENCE,J,T
942 _2udc
_cBK
999 _c35596
_d35596